Miasta w województwie lubuskim po powiatach ziemskich - Statystyki

Ogólne statystyki
  • Ten quiz został rozwiązany 3 razy
  • Średni wynik to 31 z 44
Statystyki odpowiedzi
lp. Populacja Miasto % Poprawnych
3 4 000 Bytom Odrzański
100%
2 9 400 Drezdenko
100%
1 115 000 Gorzów Wielkopolski
100%
2 18 000 Kostrzyn nad Odrą
100%
2 11 000 Krosno Odrzańskie
100%
1 17 000 Międzyrzecz
100%
1 36 000 Nowa Sól
100%
3 3 900 Ośno Lubuskie
100%
2 6 400 Rzepin
100%
1 16 000 Słubice
100%
1 9 700 Strzelce Krajeńskie
100%
1 9 900 Sulęcin
100%
1 21 000 Świebodzin
100%
2 2 500 Torzym
100%
1 14 000 Wschowa
100%
1 26 000 Żagań
100%
1 36 000 Żary
100%
1 139 000 Zielona Góra
100%
4 2 800 Cybinka
67%
4 4 000 Czerwieńsk
67%
3 3 000 Dobiegniew
67%
1 17 000 Gubin
67%
3 4 300 Jasień
67%
2 9 200 Kożuchów
67%
3 2 100 Lubniewice
67%
4 2 800 Nowe Miasteczko
67%
3 5 100 Nowogród Bobrzański
67%
5 1 700 Otyń
67%
2 9 000 Skwierzyna
67%
2 16 000 Sulechów
67%
2 11 000 Szprotawa
67%
3 6 400 Witnica
67%
5 3 900 Babimost
33%
5 890 Brody
33%
5 3 000 Gozdnica
33%
3 3 500 Iłowa
33%
6 3 800 Kargowa
33%
4 2 500 Łęknica
33%
2 14 000 Lubsko
33%
4 3 400 Małomice
33%
2 4 300 Sława
33%
3 1 300 Szlichtyngowa
33%
2 5 000 Zbąszynek
33%
3 2 400 Trzciel
0%
Nie znaleziono quizów pasujących do podanych kryteriów
Rozkład punktacji
Procent ludzi z każdym wynikiem
Percentyl według liczby udzielonych odpowiedzi
Twoja historia wyników
Nie rozwiązałeś tego quizu